Maľovanky

Bibliographic Details
Main Author: Trnovská, Mária (Author, Illustrator)
Format: Book
Language:Slovak
PhysicalDescription:[8] s. 15x21 cm
Published: Bratislava Tvar 1952
Subjects:

MARC

LEADER 00000cam a2200000 a 4500
001 vtls008402910
003 SK-MaSNL
005 20260302074801.0
008 230116s1952 xo a 000 0 slo
015 |a SKSNBA19451955-012762 
035 |a SK01SNKBKSFS20020095127 
035 |a urn:nbn:sk:snk-am3hidn 
035 |a 8FED4177-084D-4C74-8CE0-447A0ADA4531 
035 |a urn:nbn:sk:snk-am00d1eb 
035 |a SKM000097590 
040 |a SNK  |b slo  |c SNK  |e AACR2 
041 0 |a slo 
044 |a xo  |c SK 
080 |a 087.5  |2 1981 
080 |a (084-053.2)  |2 2011 
100 1 |a Trnovská, Mária  |4 aut  |4 ill  |9 333714 
245 1 0 |a Maľovanky  |c nakreslila Mária Trnovská 
260 |a Bratislava  |b Tvar  |c 1952  |e Martin  |f Stredoslovenské tlačiarne 
300 |a [8] s.  |c 15x21 cm 
500 |a Ob. tit. 
655 7 |a maľovanky  |2 SNKPH  |9 70662 
655 7 |a publikácie pre deti  |2 SNKPH  |9 70148 
954 |a ilustrované knihy, leporelá, komiksy pôvodné (slovenské)  |2 lita 
958 |a OND 
958 |a DB 
958 |a TL 
958 |a EUIPO 
999 |c 1166469  |d 1168399 
952 |a SNK  |b SNK  |y PREZ  |7 0  |p 17A1189038  |o snkSE 1134 D1  |i snkF 2184/64  |0 0  |1 0  |4 0  |d 2017-11-27  |l 0  |r 2026-02-24 20:50:28  |w 2026-02-24 
952 |a SNK  |b SNK  |y PREZ  |7 0  |p 17A0733160  |o snkSE 1134  |i snk505/56  |0 0  |1 0  |4 0  |d 2017-11-13  |f 1  |l 0  |r 2026-02-24 20:50:28  |w 2026-02-24